Revolving door - Tate McRae Lyrics - Statistics

General Stats
  • This quiz has been taken 115 times
    38 since last reset
  • The average score is 284 of 344
Answer Stats
Answer % Correct
a
100%
I
100%
like
97%
you
97%
but
93%
door
93%
more
93%
My
93%
my
93%
revolvin'
93%
that
93%
back
90%
is
90%
just
90%
keep
90%
me
90%
say
90%
the
90%
then
90%
to
90%
want
90%
comin'
86%
finally
86%
heart
86%
I'm
86%
it
86%
an
83%
be
83%
cold
83%
less
83%
melting
83%
think
83%
and
79%
fuck
79%
move
79%
not
79%
off
79%
out
79%
so
79%
baby
76%
bad
76%
call
76%
can't
76%
habit
76%
in
76%
might
76%
mind
76%
oh
76%
on
76%
tried
76%
Boston
72%
change
72%
confess
72%
from
72%
minute
72%
moved
72%
need
72%
night
72%
still
72%
admit
69%
good
69%
hurt
69%
it's
69%
supposed
69%
than
69%
adult
66%
'bout
66%
find
66%
helping
66%
much
66%
stage
66%
with
66%
worse
66%
would
66%
east
62%
feels
62%
life
62%
up
62%
versatile
62%
west
62%
exhaustin'
59%
one
59%
reminded
59%
(ah)
55%
around
52%
down
52%
takes
52%
your
52%
couldn't
48%
denial
48%
gotta
48%
shut
48%
wing
48%
work
48%
come
45%
couch
45%
get
45%
towns
45%
undoes
45%
dial
41%
how
41%
gym
38%
how'd
34%
mm
31%
ooh
17%
No matching quizzes found
Score Distribution
Percent of People with Each Score
Percentile by Number Answered
Your Score History
You have not taken this quiz since the last reset